<?xml version="1.0" encoding="UTF-8"?>
<record
    xmlns:xsi="http://www.w3.org/2001/XMLSchema-instance"
    xsi:schemaLocation="http://www.loc.gov/MARC21/slim http://www.loc.gov/standards/marcxml/schema/MARC21slim.xsd"
    xmlns="http://www.loc.gov/MARC21/slim">

  <leader>02362nam a2200325 a 4500</leader>
  <controlfield tag="001">BRCA_3175</controlfield>
  <controlfield tag="005">20190320204140.0</controlfield>
  <controlfield tag="008">130209s1612----enk#---###---#000-0#eng-u</controlfield>
  <datafield tag="041" ind1=" " ind2=" ">
    <subfield code="a">eng</subfield>
  </datafield>
  <datafield tag="044" ind1=" " ind2=" ">
    <subfield code="a">enk</subfield>
  </datafield>
  <datafield tag="084" ind1=" " ind2=" ">
    <subfield code="a">477</subfield>
    <subfield code="b">.S73</subfield>
    <subfield code="c">1612</subfield>
  </datafield>
  <datafield tag="100" ind1="1" ind2=" ">
    <subfield code="a">Cervantes Saavedra, Miguel de</subfield>
    <subfield code="d">1547-1616</subfield>
    <subfield code="9">213</subfield>
  </datafield>
  <datafield tag="245" ind1="1" ind2="0">
    <subfield code="a">The History of the Valorous and Wittie Knight-Errant Don Quixote of the Mancha</subfield>
    <subfield code="c">Miguel de Cervantes.</subfield>
  </datafield>
  <datafield tag="260" ind1=" " ind2=" ">
    <subfield code="a">Londres</subfield>
    <subfield code="b">William Stansby</subfield>
    <subfield code="c">1612</subfield>
  </datafield>
  <datafield tag="300" ind1=" " ind2=" ">
    <subfield code="a">1 v. (en varias paginaciones)</subfield>
    <subfield code="c">19 cm.</subfield>
  </datafield>
  <datafield tag="500" ind1=" " ind2=" ">
    <subfield code="a">Contenido : Primera parte. Dedicatoria del traductor. Pr&#xF3;logo del autor. Algunos versos preliminares. Texto</subfield>
  </datafield>
  <datafield tag="500" ind1=" " ind2=" ">
    <subfield code="a">Edici&#xF3;n : Translated out of the Spanish by Thomas Shelton</subfield>
  </datafield>
  <datafield tag="500" ind1=" " ind2=" ">
    <subfield code="a">Primera traducci&#xF3;n inglesa de la primera parte hecha por Thomas Shelton. &#xC9;ste tom&#xF3; por modelo la edici&#xF3;n de Bruselas (1607). Traducci&#xF3;n a tal grado literal, que hasta los refranes est&#xE1;n vertidos palabra por palabra; lo mismo ocurre con las poes&#xED;as, por cuyo motivo resultan los versos duros y faltos de armon&#xED;a. Ha servido de modelo a gran n&#xFA;mero de ediciones inglesas posteriores. El traductor suprime la dedicatoria cervantina al Duque de B&#xE9;jar y algunos versos preliminares. Su valor especial reside, no s&#xF3;lo en ser la primera versi&#xF3;n inglesa sino en constituir la primera traducci&#xF3;n del Quijote a una lengua extranjera, as&#xED; como en su gran rareza, ya que de esta edici&#xF3;n, desconocida durante muchos a&#xF1;os, s&#xF3;lo se conocen hoy dos ejemplares: uno incompleto que se guarda como preciosa joya en el Museo Brit&#xE1;nico, y otro, muy bien conservado, que forma parte de la rica Colecci&#xF3;n cervantista Isidro Bonsoms. El presente ejemplar es, por ende, el tercero conocido en el mundo. Bellamente encuadernado en fina piel roja; adornado con dorados L&#xFA;dovik Osterc</subfield>
  </datafield>
  <datafield tag="500" ind1=" " ind2=" ">
    <subfield code="a">Estado f&#xED;sico : Ejemplar defectuoso, las primeras tres hojas son fotocopias</subfield>
  </datafield>
  <datafield tag="500" ind1=" " ind2=" ">
    <subfield code="a">QM397</subfield>
  </datafield>
  <datafield tag="546" ind1=" " ind2=" ">
    <subfield code="a">Texto en : ingl&#xE9;s</subfield>
  </datafield>
  <datafield tag="650" ind1="1" ind2="4">
    <subfield code="a">Novela espa&#xF1;ola</subfield>
    <subfield code="y">&#xC9;poca cl&#xE1;sica, 1500-1700</subfield>
    <subfield code="9">215</subfield>
  </datafield>
  <datafield tag="650" ind1="1" ind2="4">
    <subfield code="a">Literatura espa&#xF1;ola</subfield>
    <subfield code="y">&#xC9;poca cl&#xE1;sica, 1500-1700</subfield>
    <subfield code="9">216</subfield>
  </datafield>
  <datafield tag="650" ind1="1" ind2="4">
    <subfield code="a">Novela espa&#xF1;ola</subfield>
    <subfield code="y">Siglo XVII</subfield>
    <subfield code="9">217</subfield>
  </datafield>
  <datafield tag="650" ind1="1" ind2="4">
    <subfield code="a">Don Quijote (Personaje ficticio)</subfield>
    <subfield code="e">Novela</subfield>
    <subfield code="9">218</subfield>
  </datafield>
  <datafield tag="700" ind1="1" ind2=" ">
    <subfield code="a">Shelton, Thomas</subfield>
    <subfield code="d">?-1626</subfield>
    <subfield code="e">Traductor</subfield>
    <subfield code="9">8545</subfield>
  </datafield>
  <datafield tag="740" ind1="0" ind2=" ">
    <subfield code="a">El Ingenioso Hidalgo Don Quijote de la Mancha</subfield>
  </datafield>
  <datafield tag="902" ind1=" " ind2=" ">
    <subfield code="a">QFM</subfield>
  </datafield>
  <datafield tag="942" ind1=" " ind2=" ">
    <subfield code="2">lcc</subfield>
    <subfield code="c">B</subfield>
  </datafield>
  <datafield tag="999" ind1=" " ind2=" ">
    <subfield code="c">2911</subfield>
    <subfield code="d">2911</subfield>
  </datafield>
  <datafield tag="952" ind1=" " ind2=" ">
    <subfield code="0">0</subfield>
    <subfield code="1">0</subfield>
    <subfield code="4">0</subfield>
    <subfield code="7">0</subfield>
    <subfield code="a">BRCA</subfield>
    <subfield code="b">BRCA</subfield>
    <subfield code="d">2009-02-13</subfield>
    <subfield code="i">QM397</subfield>
    <subfield code="l">0</subfield>
    <subfield code="o">477 .S73 1612 (QM397)</subfield>
    <subfield code="p">3172</subfield>
    <subfield code="r">2019-03-22 00:00:00</subfield>
    <subfield code="w">2019-03-22</subfield>
    <subfield code="y">B</subfield>
  </datafield>
</record>
